Ciudades de Australia - Prueba de Mapa - Estadísticas

Estadísticas generales
  • Esta prueba ha sido intentada 174 veces
  • La puntuación promedio es 7 de 16
Respuestas en el mapa
Las respuestas están codificadas por una escala verde-roja en el mapa de la prueba según el % correcto abajo.
 
Estadísticas de respuestas
Respuesta % Correcto
Sídney
88%
Perth
76%
Canberra
73%
Melbourne
65%
Darwin
59%
Adelaida
57%
Brisbane
57%
Alice Springs
50%
Hobart
48%
Cairns
32%
Exmouth
22%
Kalgoorlie
21%
Broome
19%
Mount Isa
19%
Rockhampton
17%
Mildura
15%
No se encontraron pruebas coincidentes
Distribución de puntuación
Porcentaje de gente con cada puntuación
Porcentaje por número respondido
Historial de tus puntuaciones
No has intentado esta prueba.